The sociolinguistics of language /
This book is about: Foundations; Social Dimensions of Language; Linguistic Dimensions of Society; Applied Issues.
Kaydedildi:
| Yazar: | |
|---|---|
| Materyal Türü: | Kitap |
| Dil: | English |
| Baskı/Yayın Bilgisi: |
Britain :
Blackwell,
1990.
1990. |
| Konular: | |
| Etiketler: |
Etiketle
Etiket eklenmemiş, İlk siz ekleyin!
|
| Thư viện lưu trữ: | Mạng thư viện Đại học Đà Nẵng |
|---|
| LEADER | 01003nam a22002891a 4500 | ||
|---|---|---|---|
| 001 | 000037683 | ||
| 003 | 13978 | ||
| 005 | 20190924151024.0 | ||
| 008 | 160412s1990 000 | ||
| 041 | 0 | |a eng | |
| 082 | 1 | 4 | |a 306.44 |b FA-R |
| 100 | |a Fasold,Ralph | ||
| 245 | 4 | |a The sociolinguistics of language / |c Ralph Fasold. | |
| 260 | |c 1990. | ||
| 260 | |a Britain : |b Blackwell, |c 1990. | ||
| 300 | |a 342p. ; |c 24cm. | ||
| 520 | 3 | |a This book is about: Foundations; Social Dimensions of Language; Linguistic Dimensions of Society; Applied Issues. | |
| 630 | 0 | 4 | |a Sociolinguistics. |
| 650 | 0 | 4 | |a Sociolinguistics. |
| OWN | |a LNN | ||
| AVA | |a UDN50 |b LNN |c English |e available |t Error 5001 Not defined in file expand_doc_bib_avail. |f 2 |g 0 |h N |i 0 |j AN | ||
| 999 | |a From the UDN01 | ||
| AVA | |a UDN50 |b LNN |c English |e available |t Error 5001 Not defined in file expand_doc_bib_avail. |f 2 |g 0 |h N |i 0 |j AN | ||
| TYP | |a Monograph | ||
| 980 | |a Mạng thư viện Đại học Đà Nẵng | ||